Literatura, cultura y sociedad : el modernismo y la génesis de la poesía chilena contemporánea

En 1979, Gonzalo Millán publicaba su libro más importante, La ciudad, una de las obras fundamentales de la poesía chilena escrita en dictadura. Un retrato feroz de un lugar, de una época y de una atmósfera, y que hoy, varias décadas después, se sigue leyendo y estudiando.

Bibliographic Details
Main Author: Nómez, Naín 1944-
Format: Libro
Language:Spanish
Published: Santiago, Chile : Revista Chileba , 1993.
Subjects:
Online Access:Acceso electrónico al documento

MARC

LEADER 00000nam a22000007a 4500
008 200409s2016 ec |||| o|||| 00| 0 spa d
999 |c 53411  |d 53411 
040 |a UAHC  |c UAHC 
100 |9 11802  |a Nómez, Naín  |d 1944- 
245 |a Literatura, cultura y sociedad :   |b  el modernismo y la génesis de la poesía chilena contemporánea  |c  Naín Nómez. 
260 |a Santiago, Chile :   |b Revista Chileba ,  |c 1993. 
300 |a 8 p. 
500 |a Sitio visitado http://www.memoriachilena.gob.cl/archivos2/pdfs/MC0006611.pdf el 23 de abril de 2020. 
520 |a En 1979, Gonzalo Millán publicaba su libro más importante, La ciudad, una de las obras fundamentales de la poesía chilena escrita en dictadura. Un retrato feroz de un lugar, de una época y de una atmósfera, y que hoy, varias décadas después, se sigue leyendo y estudiando. 
650 0 |9 2535  |a Poesía chilena 
856 |u https://revistaliteratura.uchile.cl/index.php/RCL/article/view/39840  |y Acceso electrónico al documento 
900 |a Recurso electrónico 
942 |c BK  |2 ddc